| 000 | 01738cam a22003857i 4500 | ||
|---|---|---|---|
| 001 | 2577 | ||
| 005 | 20240108094725.0 | ||
| 020 | _a9780545433167 | ||
| 040 |
_aBTCTA _beng _cBTCTA _erda _dYDXCP _dHQD _dPX0 _dOCLCQ _dGK8 _dWIM _dOCLCF _dZPP _dABG _dMNM _dOCLCO _dAUMCS _dVP@ _dOCL _dOCLCO _dDLC |
||
| 050 | 0 | 0 |
_aPZ7.7.K52 _bFi 2016 |
| 082 | 0 | 4 | _a741.5 |
| 100 | 1 |
_aKibuishi, Kazu _d1978- _eauthor _eillustrator |
|
| 245 | 1 | 0 |
_aFirelight / _cKazu Kibuishi |
| 250 | _aFirst edition, March 2016 | ||
| 260 |
_aNew York : _bScholastic, _c2016 |
||
| 300 |
_a197 pages : _bchiefly color illustrations, color map ; _c24 cm. |
||
| 490 | 0 |
_aAmulet _vBook 7 |
|
| 505 | _aG | ||
| 520 | _a"Emily, Trellis, and Vigo visit Algos Island, where they can access and enter lost memories. They're hoping to uncover the events of Trellis's mysterious childhood -- knowledge they can use against the Elf King. What they discover is a dark secret that changes everything. Meanwhile, the Voice of Emily's Amulet is getting stronger, and threatens to overtake her completely" | ||
| 521 |
_a410 GN
_bLexile |
||
| 521 |
_aG
_bRaz-Plus |
||
| 650 | 0 |
_aAmulets _vComic books, strips, etc. |
|
| 650 | 0 |
_aSiblings _vComic books, strips, etc. |
|
| 650 | 0 |
_aSupernatural _vComic books, strips, etc. |
|
| 650 | 0 |
_aElves _vComic books, strips, etc. |
|
| 650 | 0 |
_aImaginary places _vComic books, strips, etc. |
|
| 650 | 0 |
_aMagic _vComic books, strips, etc. |
|
| 650 | 0 |
_aComic books, strips, etc. _zUnited States. |
|
| 650 | 0 |
_aSiblings _vJuvenile fiction. |
|
| 655 | 0 | _aFantasy comic books, strips, etc. | |
| 655 | 7 |
_aGraphic novels. _2lcgft |
|
| 655 | 7 |
_aComics (Graphic works) _2lcgft |
|
| 906 |
_a7 _bcbc _ccopycat _d2 _eepcn _f20 _gy-gencatlg |
||
| 942 |
_2ddc _cBK _n0 |
||
| 999 |
_c2577 _d2577 |
||